| 000 | 00354nam a2200145Ia 4500 | ||
|---|---|---|---|
| 008 | 150201s2001 xx 000 0 und d | ||
| 082 |
_a610 _bO2001L |
||
| 100 | _aOXFORD | ||
| 245 | _aOXFORD HANDBOOK OF CLINICAL MEDICINE | ||
| 250 | _a5TH | ||
| 260 |
_bOXFORD UNIVERSITY PRESS _aDELHI _c2001 |
||
| 300 | _a1-857 | ||
| 650 | _aMEDICINE | ||
| 942 |
_2ddc _cBK |
||
| 999 |
_c2649 _d2649 |
||